Kongzi di jiao yu si xiang /

Disimpan dalam:
Butiran Bibliografi
Pengarang Utama: Chen, Jingpan.
Format: Buku
Bahasa:Chinese
Diterbitkan: Wuhan : Hubei ren min chu ban she, 1957.
Subjek-subjek:
Penanda-penanda: Tambah Penanda
Tiada Penanda, Jadilah orang pertama menanda rekod ini!
LEADER 00717cam a2200229 i 4500
001 007724228-9
005 20024617105005.0
008 900117s1957 cc a 000 0 chi
010 |a c 58006171 /L 
035 0 |a ocm23316793 
040 |a DLC  |c MiU  |d NIC  |d *YNH*  |d CStRLIN 
050 0 0 |a B128.C8  |b C47 
100 1 |6 880-01  |a Chen, Jingpan. 
245 1 0 |6 880-02  |a Kongzi di jiao yu si xiang /  |c Chen Jingpan zhu. 
260 |6 880-03  |a Wuhan :  |b Hubei ren min chu ban she,  |c 1957. 
300 |a 63 p. :  |b ill. ;  |c 19 cm. 
630 0 0 |a Confucius. 
880 1 |6 100-01  |a 陈景磐. 
880 1 0 |6 245-02  |a 孔子的教育思想 /  |c 陈景磐著. 
880 |6 260-03  |a 武漢 :  |b 湖北人民出版社,  |c 1957. 
988 |a 20021102 
906 |0 DLC